| 000 | 00355nam a2200133Ia 4500 | ||
|---|---|---|---|
| 008 | 240624s9999 xx 000 0 und d | ||
| 041 | _aeng | ||
| 082 | _a338.9 OCO | ||
| 100 | _aO CONNOR DAVID | ||
| 245 | _aINDUSTRIAL DEVELOPMENT FOR THE 21ST CENT | ||
| 260 |
_c2008 _aNew Delhi _bOrient Longman |
||
| 300 | _axi, : 430 : p. : cm. ; 24 | ||
| 365 |
_cRS _b30 |
||
| 999 |
_c12525 _d12525 |
||